| 000 | 00414nam a2200181Ia 4500 | ||
|---|---|---|---|
| 001 | 17105 | ||
| 005 | 20260306170400.0 | ||
| 008 | 260306t2002||||xx |||||||||||||| ||und|| | ||
| 041 | _aESP | ||
| 082 |
_a657.458 _bG71 |
||
| 100 |
_aGonzáles Mondragón, Armando _eAUT |
||
| 245 | 0 | _aAuditoría administrativa | |
| 260 | _c2002 | ||
| 300 |
_a _c |
||
| 650 | _aGEN | ||
| 654 | _aCCO | ||
| 942 |
_cLIB _dJUS _fJUS _2ddc _n |
||
| 999 |
_c17105 _d17105 |
||